Sociology of education : (Record no. 786691)

MARC details
000 -LEADER
fixed length control field 01026nam a22002657a 4500
003 - CONTROL NUMBER IDENTIFIER
control field 3228
005 - DATE AND TIME OF LATEST TRANSACTION
control field 20251001123439.0
008 - FIXED-LENGTH DATA ELEMENTS--GENERAL INFORMATION
fixed length control field 251001b sa ||||| |||| 00| 0 eng d
020 ## - INTERNATIONAL STANDARD BOOK NUMBER
International Standard Book Number 9780190417239 (paperback)
040 ## - CATALOGING SOURCE
Original cataloging agency MPL
Language of cataloging English
Transcribing agency 3228
Description conventions Resource Description and Access
041 ## - LANGUAGE CODE
Language code of text/sound track or separate title English
082 #0 - DEWEY DECIMAL CLASSIFICATION NUMBER
Classification number 306.43 DUPL
100 ## - MAIN ENTRY--PERSONAL NAME
9 (RLIN) 196815
Personal name Du Plessis, Sue
Relator term Author
245 ## - TITLE STATEMENT
Title Sociology of education :
Remainder of title custom publication /
Statement of responsibility, etc. Sue Du Plessis, Velisiwe Gasa, Lokesh Maharajh , Thokozani Mathebula , Sipho Vilakazi , Peggy Doris , and Zijena Siyakwaz
260 ## - PUBLICATION, DISTRIBUTION, ETC.
Place of publication, distribution, etc. Cape Town, South Africa:
Name of publisher, distributor, etc. Oxford University Press,
Date of publication, distribution, etc. 2018
300 ## - PHYSICAL DESCRIPTION
Extent v, 106 pages :
Other physical details illustrations ;
Dimensions 24 cm
650 #0 - SUBJECT ADDED ENTRY--TOPICAL TERM
9 (RLIN) 196816
Topical term or geographic name entry element Educational sociology
700 ## - ADDED ENTRY--PERSONAL NAME
9 (RLIN) 196817
Personal name Du Plessis, Sue
Relator term Author
700 ## - ADDED ENTRY--PERSONAL NAME
9 (RLIN) 196818
Personal name Gasa, Velisiwe
Relator term Author
700 ## - ADDED ENTRY--PERSONAL NAME
9 (RLIN) 196819
Personal name Maharajh,Lokesh
Relator term Author
700 ## - ADDED ENTRY--PERSONAL NAME
9 (RLIN) 196820
Personal name Mathebula, Thokozani
Relator term Author
700 ## - ADDED ENTRY--PERSONAL NAME
9 (RLIN) 196821
Personal name Siyakwazi, Peggy
Relator term Author
700 ## - ADDED ENTRY--PERSONAL NAME
9 (RLIN) 196822
Personal name Vilakazi, Sipho
Relator term Author
942 ## - ADDED ENTRY ELEMENTS
item type Book
Source of classification or shelving scheme Dewey Decimal Classification
-- 5815
-- Pontsho Maoko
-- 5815
-- Pontsho Maoko
Holdings
Withdrawn status Lost status Source of classification or shelving scheme Damaged status Not for loan Collection code Home library Current library Shelving location Date acquired Total Checkouts Full call number Barcode Date last seen Price effective from item type
    Dewey Decimal Classification     300: Social Science KWAMHLANGA REGIONAL LIBRARY PHUMULA Non Fiction 01.10.2025   306.43 DUPL 33228031084124 01.10.2025 01.10.2025 Book